000 00900nac a2200313 i 4500
003 EG-GICUC
005 20260121101642.0
008 260105s1999 enk b 001 0 eng d
020 _a0421589507
020 _a9780421589506
040 _aEG-GiCUC
_cEG-GiCUC
_beng
_dEG-GiCUC
_erda
043 _ae-uk---
082 0 4 _221
_a343.39
092 0 4 _221
099 _aLaw 10 1999
100 1 _aMay, Richard,
_cLL. B.
245 1 0 _aCriminal evidence /
_cRichard May.
250 _a4 th edition.
264 _aLondon :
_bSweet & Maxwell,
_c1999.
300 _alxxv, 616 pages ;
_c26 cm.
336 _atext
_btxt
_2rdacontent
337 _aunmediated
_bn
_2rdamedia
338 _avolume
_bnc
_2rdacarrier
500 _aIncludes index.
650 0 _aEvidence, Criminal
_zGreat Britain.
856 4 0 _uhttps://fll.law.cu.edu.eg/fulltext/bks/ENGB10-00144.pdf
905 _a10
942 _2ddc
_cBK
_e21
_n0
999 _c54255
_d54255